000 00660nam a2200205 i 4500
001 bgj
100 1 _aŚCIBOROWSKA, Barbara
245 1 0 _aSuperKids :
_bpodręcznik dla szkoły podstawowej : zeszyt ćwiczeń /
_cBarbara Ściborowska, Ilona Kubrakiewicz.
260 _aWarszawa :
_bMacmillan Polska,
_c2004.
300 _a95 pp :
_bill. ;
_c30 cm.
650 9 _aEnglish language
_xPrimary schools
_xA1
_xFalse |beginner
655 _aTextbooks for foreigners
700 1 _aKUBRAKIEWICZ, Ilona.
_eco-author
020 _a838855462X
040 _cBPK
041 0 _aeng
920 _a83-88554-62-X
942 _cKS
008 s uk f |000 0 eng
999 _c49040
_d49040
856 _uhttp://koha.tu.koszalin.pl/cgi-bin/koha/opac-detail.pl?biblionumber=49040
_yKatalog online BPK